书目信息 |
| 题名: |
非接触式热舒适检测原理与应用
|
|
| 作者: | 杨斌 , 成孝刚 , 王发明 , 胡松涛 著 | |
| 分册: | ||
| 出版信息: | 北京 中国建筑工业出版社 2025.06 |
|
| 页数: | 99页 | |
| 开本: | 26cm | |
| 丛书名: | ||
| 单 册: | ||
| 中图分类: | TU111.3 | |
| 科图分类: | ||
| 主题词: | 建筑热工--jian zhu re gong--检测 | |
| 电子资源: | ||
| ISBN: | 978-7-112-27570-0 | |
| 000 | 01356nam0 2200313 450 | |
| 001 | 90467 | |
| 005 | 20250815192251.38 | |
| 010 | @a978-7-112-27570-0@dCNY42.00 | |
| 100 | @a20250717d2025 em y0chiy50 ea | |
| 101 | 0 | @achi |
| 102 | @aCN@b110000 | |
| 105 | @aak a 000yy | |
| 106 | @ar | |
| 200 | 1 | @a非接触式热舒适检测原理与应用@Afei jie chu shi re shu shi jian ce yuan li yu ying yong@d= Contactless sensing method for thermal comfort@emechanism and application@f杨斌 ... [等] 著@zeng |
| 210 | @a北京@c中国建筑工业出版社@d2025.06 | |
| 215 | @a99页@c图@d26cm | |
| 300 | @a由国家重点研发计划项目、国家自然科学基金项目、江苏省重点研发计划社会发展项目资助 | |
| 304 | @a题名页题其余责任者: 成孝刚, 王发明, 胡松涛 | |
| 320 | @a有书目 | |
| 330 | @a本书梳理了计算机视觉技术在建筑内人员行为、冷热姿态、生理参数测量等方面的研究成果, 分析了半接触式与非接触式检测方法、微变放大与深度学习、基于皮肤纹理和姿态估计的热舒适检测等技术的应用及未来发展方向。 | |
| 510 | 1 | @aContactless sensing method for thermal comfort@emechanism and application@zeng |
| 606 | 0 | @a建筑热工@Ajian zhu re gong@x检测 |
| 690 | @aTU111.3@v5 | |
| 701 | 0 | @a杨斌@Ayang bin@4著 |
| 701 | 0 | @a成孝刚@Acheng xiao gang@4著 |
| 701 | 0 | @a王发明@Awang fa ming@4著 |
| 701 | 0 | @a胡松涛@Ahu song tao@4著 |
| 801 | 0 | @aCN@c20250909 |
| 905 | @a河南城建学院图书馆@dTU111.3@eY145@f1 | |
| 非接触式热舒适检测原理与应用= Contactless sensing method for thermal comfort:mechanism and application/杨斌 ... [等] 著.-北京:中国建筑工业出版社,2025.06 |
| 99页:图;26cm |
| 由国家重点研发计划项目、国家自然科学基金项目、江苏省重点研发计划社会发展项目资助 |
| ISBN 978-7-112-27570-0:CNY42.00 |
| 本书梳理了计算机视觉技术在建筑内人员行为、冷热姿态、生理参数测量等方面的研究成果, 分析了半接触式与非接触式检测方法、微变放大与深度学习、基于皮肤纹理和姿态估计的热舒适检测等技术的应用及未来发展方向。 |
| ● |
| 相关链接 |
|
|
|
正题名:非接触式热舒适检测原理与应用
索取号:TU111.3/Y145
 
预约/预借
| 序号 | 登录号 | 条形码 | 馆藏地/架位号 | 状态 | 备注 |
| 1 | 1624429 | 216244295 | 建筑库101/101建筑库 24排2列2层/ [索取号:TU111.3/Y145] | 在馆 |